[Event "Wood Green Invitational"]
[Site "Stafford"]
[Date "2024.07.14"]
[Round "5.2"]
[White "Fernandez, Daniel H"]
[Black "Waldhausen Gordon, Frederick"]
[Result "1-0"]
[WhiteElo "2525"]
[BlackElo "2354"]
[PlyCount "125"]
[EventDate "2024.07.12"]
[EventType "tourn"]
[EventRounds "9"]
[EventCountry "ENG"]
[SourceTitle "BritBase"]
[Source "John Saunders"]
[SourceDate "2024.07.17"]
[SourceVersion "1"]
[SourceVersionDate "2024.07.17"]
[SourceQuality "1"]

1. e4 e5 2. Bc4 Nf6 3. d3 Nc6 4. a3 d5 5. exd5 Nxd5 6. Nf3 Be7 7. O-O O-O 8.
Re1 Nb6 9. Ba2 Bg4 10. h3 Bh5 11. Nc3 Bd6 12. Ne4 Kh8 13. Ng3 Bg6 14. b4 Nd4
15. Nxd4 exd4 16. Qf3 a5 17. bxa5 Rxa5 18. Qxb7 Qa8 19. Qxa8 Rfxa8 20. Bb3 Bb4
21. Re2 h6 22. Bb2 Bc3 23. Bxc3 dxc3 24. f4 f5 25. Re7 R8a7 26. h4 h5 27. Ne2
Nd5 28. Bxd5 Rxd5 29. a4 Rc5 30. Kf2 Kg8 31. Ke3 Kf8 32. Re5 Rca5 33. Rxa5 Rxa5
34. Kd4 c5+ 35. Kxc3 Bf7 36. Nc1 Be8 37. Nb3 Rxa4 38. Rxa4 Bxa4 39. Nxc5 Bc6
40. Kd4 Ke7 41. Ke5 g6 42. g3 Bf3 43. d4 Bd1 44. c3 Be2 45. d5 Bf3 46. d6+ Kd8
47. c4 Be2 48. Ne6+ Kd7 49. c5 Bb5 50. Nd4 Ba4 51. Kd5 Kc8 52. c6 Bxc6+ 53.
Kxc6 Kd8 54. Ne6+ Ke8 55. d7+ Kf7 56. d8=N+ Ke7 57. Kc7 Ke8 58. Kd6 g5 59. hxg5
h4 60. g6 hxg3 61. g7 g2 62. g8=N g1=N 63. Nf6# 1-0

[Event "Wood Green Invitational"]
[Site "Stafford"]
[Date "2024.07.14"]
[Round "5.3"]
[White "Derakhshani, Borna"]
[Black "Haydon, David L"]
[Result "1/2-1/2"]
[WhiteElo "2351"]
[BlackElo "2255"]
[PlyCount "160"]
[EventDate "2024.07.12"]
[EventType "tourn"]
[EventRounds "9"]
[EventCountry "ENG"]
[SourceTitle "BritBase"]
[Source "John Saunders"]
[SourceDate "2024.07.17"]
[SourceVersion "1"]
[SourceVersionDate "2024.07.17"]
[SourceQuality "1"]

1. e4 d5 2. exd5 Qxd5 3. Nc3 Qd6 4. d4 Nf6 5. Nf3 c6 6. Bd3 Bg4 7. Be3 Nbd7 8.
h3 Bh5 9. g4 Bg6 10. Qe2 e6 11. O-O-O Nd5 12. Bxg6 hxg6 13. Ne4 Qb4 14. Bd2 Qa4
15. Kb1 Be7 16. Bg5 N7f6 17. Nxf6+ gxf6 18. Bc1 Qb5 19. c4 Nc3+ 20. Kc2 Nxe2
21. cxb5 Nxc1 22. Rxc1 cxb5 23. Kd3 Rd8 24. h4 Bd6 25. Rce1 Kf8 26. h5 Kg7 27.
hxg6 Rxh1 28. Rxh1 Kxg6 29. Rh5 a6 30. Nh4+ Kg7 31. Nf3 Rc8 32. Rh1 Kg6 33. Nd2
Bf4 34. Ne4 Rd8 35. Kc3 b4+ 36. Kc4 b5+ 37. Kc5 Rd5+ 38. Kb6 Rxd4 39. f3 f5 40.
gxf5+ exf5 41. Rg1+ Kh6 42. Nc5 Be3 43. Rh1+ Kg6 44. Ka5 Rd2 45. Nxa6 Rxb2 46.
Kxb5 Bd2 47. Ra1 Bc3 48. Kc4 Rg2 49. Rh1 Rxa2 50. Nc5 Re2 51. Nd3 Re3 52. Rh3
Kf6 53. Nf4 Re8 54. Nd5+ Kg5 55. Rg3+ Kh4 56. Rg1 Re1 57. Rg8 Rf1 58. Nxc3 bxc3
59. Kxc3 Re1 60. Kd2 Re6 61. Rg7 Re5 62. Kd3 f6 63. Rg6 Kh3 64. Kd4 Re6 65. Rg8
Re2 66. Rg6 Kh4 67. Kd3 Re6 68. Kd4 Kh5 69. Rg8 f4 70. Kd3 f5 71. Kd2 Re3 72.
Rh8+ Kg5 73. Rh3 Kf6 74. Rh8 Rxf3 75. Ke2 Rg3 76. Kf2 Kg5 77. Rg8+ Kh4 78. Rh8+
Kg5 79. Rg8+ Kf6 80. Rxg3 fxg3+ 1/2-1/2

[Event "Wood Green Invitational"]
[Site "Stafford"]
[Date "2024.07.14"]
[Round "5.4"]
[White "Fitzsimons, David"]
[Black "Ernst, Sipke"]
[Result "0-1"]
[WhiteElo "2320"]
[BlackElo "2512"]
[PlyCount "58"]
[EventDate "2024.07.12"]
[EventType "tourn"]
[EventRounds "9"]
[EventCountry "ENG"]
[SourceTitle "BritBase"]
[Source "John Saunders"]
[SourceDate "2024.07.17"]
[SourceVersion "1"]
[SourceVersionDate "2024.07.17"]
[SourceQuality "1"]

1. e4 e5 2. Nf3 Nc6 3. Nc3 Nf6 4. Bb5 Bc5 5. Bxc6 dxc6 6. d3 Qe7 7. O-O Bg4 8.
h3 Bh5 9. Be3 Nd7 10. Bxc5 Nxc5 11. g4 Bg6 12. Qd2 h5 13. g5 Qd6 14. Qe3 Ne6
15. Nh4 Qd8 16. Nxg6 fxg6 17. h4 Nd4 18. Rac1 Qd7 19. Kh1 O-O 20. f4 exf4 21.
Qf2 f3 22. Qg3 f2 23. Rxf2 Rxf2 24. Qxf2 Rf8 25. Qg2 Rf4 26. Qh2 Rf3 27. Qg2
Rh3+ 28. Kg1 Nf3+ 29. Kf1 Nxh4 0-1

[Event "Wood Green Invitational"]
[Site "Stafford"]
[Date "2024.07.14"]
[Round "5.5"]
[White "Wadsworth, Matthew J"]
[Black "Turner, Matthew J"]
[Result "1-0"]
[WhiteElo "2456"]
[BlackElo "2459"]
[PlyCount "97"]
[EventDate "2024.07.12"]
[EventType "tourn"]
[EventRounds "9"]
[EventCountry "ENG"]
[SourceTitle "BritBase"]
[Source "John Saunders"]
[SourceDate "2024.07.17"]
[SourceVersion "1"]
[SourceVersionDate "2024.07.17"]
[SourceQuality "1"]

1. c4 Nf6 2. g3 g6 3. Bg2 Bg7 4. Nc3 O-O 5. d4 d6 6. h3 c5 7. e3 Nc6 8. Nge2 e5
9. dxc5 dxc5 10. Qxd8 Rxd8 11. Bxc6 bxc6 12. e4 a5 13. Be3 a4 14. Rd1 Rd4 15.
b3 axb3 16. axb3 Be6 17. Nc1 Nd7 18. Ke2 f5 19. f3 Rb8 20. g4 Nf6 21. gxf5 gxf5
22. Rdg1 fxe4 23. Nxe4 Nxe4 24. Bxd4 cxd4 25. fxe4 Kf7 26. Rg3 Bf6 27. Nd3 Rxb3
28. Nxe5+ Bxe5 29. Rxb3 Bxc4+ 30. Rd3 Ke6 31. Rc1 Bb5 32. Rc5 Kd6 33. Rxb5 cxb5
34. Rf3 h5 35. Kd3 h4 36. Rf7 b4 37. Kc4 d3 38. Kxd3 b3 39. Rh7 b2 40. Rh6+ Kc5
41. Kc2 Bg3 42. Ra6 Be5 43. Rh6 Bg3 44. e5 Bxe5 45. Rxh4 Kd5 46. Rh6 Ke4 47. h4
Kf5 48. h5 Kg5 49. Ra6 1-0

[Event "Wood Green Invitational"]
[Site "Stafford"]
[Date "2024.07.15"]
[Round "6.1"]
[White "Jackson, James P"]
[Black "Turner, Matthew J"]
[Result "1-0"]
[WhiteElo "2357"]
[BlackElo "2459"]
[PlyCount "81"]
[EventDate "2024.07.12"]
[EventType "tourn"]
[EventRounds "9"]
[EventCountry "ENG"]
[SourceTitle "BritBase"]
[Source "John Saunders"]
[SourceDate "2024.07.17"]
[SourceVersion "1"]
[SourceVersionDate "2024.07.17"]
[SourceQuality "1"]

1. c4 e6 2. Nf3 Nf6 3. Nc3 d5 4. d4 dxc4 5. e4 Bb4 6. Bxc4 c5 7. O-O cxd4 8.
Nxd4 O-O 9. e5 Nfd7 10. Bf4 Nb6 11. Bd3 Na6 12. Rc1 g6 13. Bxa6 Bxc3 14. bxc3
bxa6 15. c4 Bb7 16. c5 Nd5 17. Bh6 Re8 18. c6 Bc8 19. Qd2 Qc7 20. Nf3 Rb8 21.
Bg5 Rb5 22. a4 Rb3 23. Rfe1 Qb6 24. Bf6 Rb2 25. Rc2 Rxc2 26. Qxc2 a5 27. Rb1
Nb4 28. Qc1 Nd3 29. Qc2 Nb4 30. Qd2 Qc5 31. Qh6 Qf8 32. Qxf8+ Kxf8 33. c7 Bd7
34. Rd1 Nd5 35. Bd8 Bc8 36. Ng5 Nc3 37. Rd3 Nxa4 38. Nxh7+ Kg7 39. Bf6+ Kxh7
40. Rh3+ Kg8 41. Rh8# 1-0

[Event "Wood Green Invitational"]
[Site "Stafford"]
[Date "2024.07.15"]
[Round "6.2"]
[White "Ernst, Sipke"]
[Black "Wadsworth, Matthew J"]
[Result "1/2-1/2"]
[WhiteElo "2512"]
[BlackElo "2456"]
[PlyCount "119"]
[EventDate "2024.07.12"]
[EventType "tourn"]
[EventRounds "9"]
[EventCountry "ENG"]
[SourceTitle "BritBase"]
[Source "John Saunders"]
[SourceDate "2024.07.17"]
[SourceVersion "1"]
[SourceVersionDate "2024.07.17"]
[SourceQuality "1"]

1. d4 Nf6 2. c4 e6 3. Nc3 Bb4 4. e3 O-O 5. Bd3 d5 6. Nf3 b6 7. cxd5 exd5 8. O-O
Bb7 9. Qc2 a6 10. a3 Bd6 11. b4 Nbd7 12. Bb2 b5 13. Nd2 Re8 14. Rae1 h6 15. f3
Nh5 16. f4 Nhf6 17. Nf3 Nb6 18. Ne5 Ne4 19. Nxe4 dxe4 20. Be2 f6 21. Nc6 Qd7
22. Na5 Bd5 23. f5 c6 24. g3 Qc7 25. Kg2 Rac8 26. Rf2 Bf7 27. Bc1 Nd5 28. Bd2
h5 29. Kh1 g5 30. fxg6 Bxg6 31. Bf1 Qd7 32. Bg2 Kg7 33. Nb3 h4 34. g4 h3 35.
Bf1 Qxg4 36. Be2 Qh4 37. Ref1 f5 38. Nc5 f4 39. exf4 Bf5 40. Rg1+ Kf6 41. Rff1
Qh7 42. Be1 e3 43. Qb2 Rg8 44. Rg3 Kf7 45. Bf3 Bxc5 46. dxc5 Be4 47. f5 Bxf3+
48. Rfxf3 Rxg3 49. Rxg3 Rg8 50. Qe5 Rxg3 51. Qe6+ Kf8 52. Bxg3 Qf7 53. Qh6+ Qg7
54. Qxh3 e2 55. Qh4 Qa1+ 56. Be1 Nf4 57. h3 Nd3 58. Qh6+ Kf7 59. Qg6+ Kf8 60.
Qh6+ 1/2-1/2

[Event "Wood Green Invitational"]
[Site "Stafford"]
[Date "2024.07.15"]
[Round "6.3"]
[White "Haydon, David L"]
[Black "Fitzsimons, David"]
[Result "1/2-1/2"]
[WhiteElo "2255"]
[BlackElo "2320"]
[PlyCount "33"]
[EventDate "2024.07.12"]
[EventType "tourn"]
[EventRounds "9"]
[EventCountry "ENG"]
[SourceTitle "BritBase"]
[Source "John Saunders"]
[SourceDate "2024.07.17"]
[SourceVersion "1"]
[SourceVersionDate "2024.07.17"]
[SourceQuality "1"]

1. d4 Nf6 2. c4 g6 3. Nf3 Bg7 4. g3 O-O 5. Bg2 d6 6. Nc3 c6 7. O-O Bf5 8. Nh4
Be6 9. d5 cxd5 10. cxd5 Bd7 11. Be3 Ng4 12. Bd4 Bxd4 13. Qxd4 Qb6 14. Qxb6 axb6
15. Nf3 b5 16. a3 Na6 17. Nd4 1/2-1/2

[Event "Wood Green Invitational"]
[Site "Stafford"]
[Date "2024.07.15"]
[Round "6.4"]
[White "Waldhausen Gordon, Frederick"]
[Black "Derakhshani, Borna"]
[Result "1/2-1/2"]
[WhiteElo "2354"]
[BlackElo "2351"]
[PlyCount "48"]
[EventDate "2024.07.12"]
[EventType "tourn"]
[EventRounds "9"]
[EventCountry "ENG"]
[SourceTitle "BritBase"]
[Source "John Saunders"]
[SourceDate "2024.07.17"]
[SourceVersion "1"]
[SourceVersionDate "2024.07.17"]
[SourceQuality "1"]

1. Nf3 Nf6 2. c4 b6 3. Nc3 Bb7 4. d4 e6 5. a3 d5 6. cxd5 Nxd5 7. Bg5 Be7 8.
Bxe7 Qxe7 9. Rc1 O-O 10. e3 Rc8 11. Nxd5 Bxd5 12. Bc4 Bb7 13. O-O c5 14. Qe2
cxd4 15. Nxd4 Nc6 16. Nxc6 Rxc6 17. Bd3 Rd6 18. Rfd1 Rad8 19. f3 e5 20. Bc4 h6
21. Rxd6 Rxd6 22. Rd1 Qd7 23. Rxd6 Qxd6 24. Bb3 Bc8 1/2-1/2

[Event "Wood Green Invitational"]
[Site "Stafford"]
[Date "2024.07.15"]
[Round "6.5"]
[White "Willow, Jonah B"]
[Black "Fernandez, Daniel H"]
[Result "1/2-1/2"]
[WhiteElo "2416"]
[BlackElo "2525"]
[PlyCount "114"]
[EventDate "2024.07.12"]
[EventType "tourn"]
[EventRounds "9"]
[EventCountry "ENG"]
[SourceTitle "BritBase"]
[Source "John Saunders"]
[SourceDate "2024.07.17"]
[SourceVersion "1"]
[SourceVersionDate "2024.07.17"]
[SourceQuality "1"]

1. e4 c6 2. d4 d5 3. e5 Bf5 4. Nf3 e6 5. Be2 h5 6. O-O h4 7. h3 g6 8. a4 a5 9.
c3 Nd7 10. Bg5 Be7 11. Bxe7 Nxe7 12. Na3 Kf8 13. Qd2 f6 14. exf6 Nxf6 15. Ne5
Kg7 16. Nc2 Nc8 17. Bd3 Nd6 18. f3 Nh5 19. Rfe1 Nf7 20. Ra3 Qg5 21. Qxg5 Nxg5
22. Rb3 Ra7 23. Bxf5 gxf5 24. Nd3 Kf6 25. Rb6 Rg8 26. Kf2 Nf7 27. Ne3 Nd6 28.
Rg1 Rg7 29. Nf1 Nc4 30. Rb3 b6 31. g4 hxg3+ 32. Nxg3 Nxg3 33. Rxg3 Rxg3 34.
Kxg3 Rh7 35. Kf4 Rxh3 36. Ne5 Nxe5 37. dxe5+ Kg6 38. Rxb6 Rh4+ 39. Kg3 Rc4 40.
f4 Kh5 41. Rb8 d4 42. cxd4 Rxd4 43. Rh8+ Kg6 44. Rf8 Rxa4 45. Rf6+ Kh5 46. Rxe6
Rb4 47. Rxc6 Rb3+ 48. Kf2 Kg4 49. Rc4 Rxb2+ 50. Ke3 Rb3+ 51. Ke2 Rb6 52. Ra4
Ra6 53. Kf2 Ra8 54. e6 Re8 55. Rxa5 Kxf4 56. Ra4+ Ke5 57. Ra1 Rxe6 1/2-1/2

[Event "Wood Green Invitational"]
[Site "Stafford"]
[Date "2024.07.15"]
[Round "7.1"]
[White "Fernandez, Daniel H"]
[Black "Jackson, James P"]
[Result "1/2-1/2"]
[WhiteElo "2525"]
[BlackElo "2357"]
[PlyCount "142"]
[EventDate "2024.07.12"]
[EventType "tourn"]
[EventRounds "9"]
[EventCountry "ENG"]
[SourceTitle "BritBase"]
[Source "John Saunders"]
[SourceDate "2024.07.17"]
[SourceVersion "1"]
[SourceVersionDate "2024.07.17"]
[SourceQuality "1"]

1. Nf3 Nf6 2. b3 g6 3. Bb2 Bg7 4. g3 c5 5. c4 O-O 6. Bg2 d6 7. d4 d5 8. Nbd2
cxd4 9. O-O d3 10. exd3 Nc6 11. Ne5 Nxe5 12. Bxe5 Bg4 13. Nf3 Qd7 14. Re1 Rfd8
15. Qe2 e6 16. Qb2 Bxf3 17. Bxf3 Ne8 18. h4 h5 19. cxd5 exd5 20. Bd4 Bxd4 21.
Qxd4 Nc7 22. Rac1 b6 23. Re5 Rac8 24. Qe3 d4 25. Qh6 Qd6 26. Ree1 Ne6 27. Be4
Rxc1 28. Rxc1 Nc5 29. Qg5 Re8 30. Kg2 Nxe4 31. dxe4 Rxe4 32. Rc8+ Kg7 33. Qd8
Qxd8 34. Rxd8 Re2 35. a4 Rb2 36. Rxd4 Rxb3 37. a5 Rb5 38. axb6 axb6 39. Rd7 Rf5
40. f3 Rb5 41. Rd6 Rb2+ 42. Kh3 Rb3 43. Kg2 Rb4 44. Kh3 Kf8 45. Rd7 Rc4 46. Rb7
Rc6 47. g4 Kg7 48. g5 Kf8 49. Kg3 f6 50. Kf4 Rc4+ 51. Ke3 Rb4 52. gxf6 Rxh4 53.
f4 Rh1 54. Rxb6 Kf7 55. Kf2 Rh3 56. Kg2 Rd3 57. Rb5 Kxf6 58. Ra5 Rb3 59. Rc5
Ke6 60. Re5+ Kf7 61. Ra5 Rb6 62. Kg3 Rf6 63. Ra7+ Kg8 64. Rb7 Rf7 65. Rb8+ Kg7
66. Ra8 Rd7 67. Rb8 Rd5 68. Rb6 Kh6 69. Rb8 Rd3+ 70. Kg2 Rd5 71. Kg3 Rd3+
1/2-1/2

[Event "Wood Green Invitational"]
[Site "Stafford"]
[Date "2024.07.15"]
[Round "7.2"]
[White "Derakhshani, Borna"]
[Black "Willow, Jonah B"]
[Result "1/2-1/2"]
[WhiteElo "2351"]
[BlackElo "2416"]
[PlyCount "45"]
[EventDate "2024.07.12"]
[EventType "tourn"]
[EventRounds "9"]
[EventCountry "ENG"]
[SourceTitle "BritBase"]
[Source "John Saunders"]
[SourceDate "2024.07.17"]
[SourceVersion "1"]
[SourceVersionDate "2024.07.17"]
[SourceQuality "1"]

1. e4 c6 2. c4 d5 3. exd5 cxd5 4. d4 Nf6 5. Nf3 Nc6 6. Nc3 Bg4 7. cxd5 Nxd5 8.
Qb3 Bxf3 9. gxf3 e6 10. Qxb7 Nxd4 11. Bb5+ Nxb5 12. Qc6+ Ke7 13. Qc5+ Nd6 14.
Nxd5+ exd5 15. O-O Qb6 16. Bg5+ f6 17. Rfe1+ Kd8 18. Qxd5 Qb7 19. Qa5+ Qb6 20.
Qd5 Qb7 21. Qa5+ Qb6 22. Qd5 Qb7 23. Qa5+ 1/2-1/2

[Event "Wood Green Invitational"]
[Site "Stafford"]
[Date "2024.07.15"]
[Round "7.3"]
[White "Fitzsimons, David"]
[Black "Waldhausen Gordon, Frederick"]
[Result "0-1"]
[WhiteElo "2320"]
[BlackElo "2354"]
[PlyCount "112"]
[EventDate "2024.07.12"]
[EventType "tourn"]
[EventRounds "9"]
[EventCountry "ENG"]
[SourceTitle "BritBase"]
[Source "John Saunders"]
[SourceDate "2024.07.17"]
[SourceVersion "1"]
[SourceVersionDate "2024.07.17"]
[SourceQuality "1"]

1. e4 e5 2. Nf3 Nc6 3. Bc4 Nf6 4. d3 Bc5 5. Nc3 a6 6. Bg5 h6 7. Bxf6 Qxf6 8.
Nd5 Qd8 9. c3 d6 10. d4 Ba7 11. dxe5 Nxe5 12. Nxe5 dxe5 13. Qh5 O-O 14. Qxe5
Re8 15. Qf4 Qd6 16. Qxd6 Rxe4+ 17. Ne3 cxd6 18. Bd5 Re7 19. O-O-O Bxe3+ 20.
fxe3 Be6 21. Rd2 Bxd5 22. Rxd5 Rxe3 23. Rxd6 Rae8 24. Rhd1 R8e7 25. Kc2 f5 26.
a4 f4 27. R1d2 Kf7 28. a5 R7e6 29. Rd7+ Re7 30. R7d6 R7e6 31. Rd7+ Re7 32. Kb3
g5 33. Kc4 Kf6 34. R2d6+ Kf5 35. Rd5+ Kg4 36. Rxe7 Rxe7 37. Rd2 h5 38. Kc5 Re5+
39. Kb6 Rb5+ 40. Kc7 Rb3 41. c4 h4 42. Kd6 h3 43. Ke5 hxg2 44. Rxg2+ Kh4 45.
Ke4 f3 46. Rd2 g4 47. Kf4 Kh3 48. Rc2 Rb4 49. Ke4 Rb3 50. Kf4 Rd3 51. c5 Rb3
52. Rd2 Rb4+ 53. Ke3 g3 54. hxg3 Kxg3 55. c6 Rb3+ 56. Ke4 bxc6 0-1

[Event "Wood Green Invitational"]
[Site "Stafford"]
[Date "2024.07.15"]
[Round "7.4"]
[White "Wadsworth, Matthew J"]
[Black "Haydon, David L"]
[Result "1-0"]
[WhiteElo "2456"]
[BlackElo "2255"]
[PlyCount "149"]
[EventDate "2024.07.12"]
[EventType "tourn"]
[EventRounds "9"]
[EventCountry "ENG"]
[SourceTitle "BritBase"]
[Source "John Saunders"]
[SourceDate "2024.07.17"]
[SourceVersion "1"]
[SourceVersionDate "2024.07.17"]
[SourceQuality "1"]

1. d4 Nf6 2. c4 e6 3. Nf3 d5 4. g3 dxc4 5. Bg2 c5 6. O-O Nc6 7. Ne5 Bd7 8. Na3
Be7 9. Nxd7 Qxd7 10. dxc5 Rd8 11. Qxd7+ Rxd7 12. Bxc6 bxc6 13. Nxc4 Bxc5 14.
Bf4 Nd5 15. Rfd1 f6 16. Na5 e5 17. Bd2 Ne7 18. Rac1 Bb6 19. Be1 Rxd1 20. Rxd1
Kf7 21. Rd7 Ke6 22. Rb7 Rc8 23. Kf1 c5 24. Nc4 Rc7 25. Rxc7 Bxc7 26. e4 Nc6 27.
f3 Nd4 28. Kf2 f5 29. Bc3 Nc6 30. exf5+ Kxf5 31. Ke3 h5 32. h3 Nd8 33. g4+ hxg4
34. fxg4+ Ke6 35. Ke4 Nf7 36. h4 g6 37. Bd2 Bd8 38. Be1 Bf6 39. b3 Bd8 40. Bf2
Be7 41. Bg3 a6 42. Bf2 Bd8 43. h5 gxh5 44. gxh5 Be7 45. Be3 Bf8 46. Bd2 Bg7 47.
Bc1 Bf8 48. Be3 Be7 49. h6 Bf8 50. h7 Bg7 51. Nb6 Bf8 52. Na4 Be7 53. Kd3 Kf5
54. Bxc5 Bd8 55. Be3 Kg6 56. Nc5 Kxh7 57. Nxa6 Kg6 58. Ke4 Kf6 59. Nc5 Nd6+ 60.
Kd5 Nb5 61. a4 Nc3+ 62. Kc4 Nd1 63. Bd2 Kf5 64. Kd5 Bb6 65. a5 Bxa5 66. Bxa5
Ne3+ 67. Kd6 Nc2 68. Bc3 e4 69. b4 e3 70. b5 Na3 71. b6 Nb5+ 72. Kc6 Nxc3 73.
b7 e2 74. Nd3 Ke4 75. Ne1 1-0

[Event "Wood Green Invitational"]
[Site "Stafford"]
[Date "2024.07.15"]
[Round "7.5"]
[White "Turner, Matthew J"]
[Black "Ernst, Sipke"]
[Result "1/2-1/2"]
[WhiteElo "2459"]
[BlackElo "2512"]
[PlyCount "23"]
[EventDate "2024.07.12"]
[EventType "tourn"]
[EventRounds "9"]
[EventCountry "ENG"]
[SourceTitle "BritBase"]
[Source "John Saunders"]
[SourceDate "2024.07.17"]
[SourceVersion "1"]
[SourceVersionDate "2024.07.17"]
[SourceQuality "1"]

1. d4 d5 2. c4 dxc4 3. Nf3 Nf6 4. e3 e6 5. Bxc4 c5 6. dxc5 Qxd1+ 7. Kxd1 Bxc5
8. b3 b6 9. Bb2 Bb7 10. Nbd2 Nbd7 11. Ke2 O-O 12. Rhd1 1/2-1/2

[Event "Wood Green Invitational"]
[Site "Stafford"]
[Date "2024.07.16"]
[Round "8.1"]
[White "Jackson, James P"]
[Black "Ernst, Sipke"]
[Result "0-1"]
[WhiteElo "2357"]
[BlackElo "2512"]
[PlyCount "88"]
[EventDate "2024.07.12"]
[EventType "tourn"]
[EventRounds "9"]
[EventCountry "ENG"]
[SourceTitle "BritBase"]
[Source "John Saunders"]
[SourceDate "2024.07.17"]
[SourceVersion "1"]
[SourceVersionDate "2024.07.17"]
[SourceQuality "1"]

1. c4 e6 2. Nf3 b6 3. g3 Bb7 4. Bg2 g6 5. d4 Bg7 6. Nc3 Nf6 7. d5 O-O 8. O-O d6
9. Rb1 e5 10. e4 a5 11. b3 Na6 12. a3 Nc5 13. Ne1 Qe8 14. Be3 a4 15. b4 Nb3 16.
Nxa4 Qxa4 17. Qxb3 Qxa3 18. f3 Rfb8 19. Nd3 Bc8 20. Rfc1 Qxb3 21. Rxb3 Bd7 22.
Bf1 Ne8 23. g4 f5 24. g5 Bf8 25. h4 f4 26. Bf2 h6 27. Kh2 Be7 28. Bh3 Bxh3 29.
Kxh3 hxg5 30. hxg5 Bxg5 31. Rg1 Be7 32. Rxg6+ Kf7 33. Re6 Ng7 34. Rh6 Bg5 35.
Nxe5+ dxe5 36. Rc6 Rh8+ 37. Kg2 Ne8 38. Rb2 Rg8 39. Kf1 Ra3 40. Ke2 Rh8 41. c5
bxc5 42. Rxc5 Rh2 43. d6 cxd6 44. Ra5 Bh4 0-1

[Event "Wood Green Invitational"]
[Site "Stafford"]
[Date "2024.07.16"]
[Round "8.2"]
[White "Haydon, David L"]
[Black "Turner, Matthew J"]
[Result "1/2-1/2"]
[WhiteElo "2255"]
[BlackElo "2459"]
[PlyCount "49"]
[EventDate "2024.07.12"]
[EventType "tourn"]
[EventRounds "9"]
[EventCountry "ENG"]
[SourceTitle "BritBase"]
[Source "John Saunders"]
[SourceDate "2024.07.17"]
[SourceVersion "1"]
[SourceVersionDate "2024.07.17"]
[SourceQuality "1"]

1. e4 e5 2. Nf3 Nc6 3. Bb5 a6 4. Ba4 Nf6 5. O-O b5 6. Bb3 Bc5 7. d3 d6 8. c3 h6
9. Be3 Bxe3 10. fxe3 O-O 11. Nbd2 Be6 12. Bxe6 fxe6 13. Qe2 Qd7 14. d4 exd4 15.
exd4 e5 16. a4 Kh7 17. axb5 axb5 18. Rxa8 Rxa8 19. Qxb5 Rb8 20. Qd3 Rxb2 21.
Nc4 Ra2 22. Qb1 Re2 23. Qd3 Ra2 24. Qb1 Re2 25. Qd3 1/2-1/2

[Event "Wood Green Invitational"]
[Site "Stafford"]
[Date "2024.07.16"]
[Round "8.3"]
[White "Waldhausen Gordon, Frederick"]
[Black "Wadsworth, Matthew J"]
[Result "1/2-1/2"]
[WhiteElo "2354"]
[BlackElo "2456"]
[PlyCount "105"]
[EventDate "2024.07.12"]
[EventType "tourn"]
[EventRounds "9"]
[EventCountry "ENG"]
[SourceTitle "BritBase"]
[Source "John Saunders"]
[SourceDate "2024.07.17"]
[SourceVersion "1"]
[SourceVersionDate "2024.07.17"]
[SourceQuality "1"]

1. d4 Nf6 2. c4 e6 3. Nf3 b6 4. g3 Bb7 5. Bg2 Be7 6. O-O O-O 7. Nc3 Ne4 8. Qc2
Nxc3 9. Qxc3 d6 10. Rd1 Nd7 11. d5 e5 12. e4 Nc5 13. Qc2 a5 14. Bh3 Bf6 15. Be3
g6 16. Kg2 Bg7 17. Nd2 Bc8 18. Bxc8 Qxc8 19. f3 f5 20. Rg1 Qd7 21. Raf1 Rf7 22.
b3 Raf8 23. Qd1 Nd3 24. Nb1 Nb4 25. a3 Na6 26. Qe2 f4 27. Bc1 Nc5 28. Nd2 h5
29. Kh1 fxg3 30. Rxg3 Kh7 31. Rfg1 Rf6 32. b4 axb4 33. axb4 Na6 34. c5 Nxb4 35.
c6 Qc8 36. Nc4 Na6 37. Bg5 Nc5 38. Bxf6 Rxf6 39. Qg2 Nd3 40. Rxg6 Nf2+ 41. Qxf2
Rxg6 42. Qh4 Rxg1+ 43. Kxg1 Kg6 44. Qe7 Bf6 45. Qe6 Qa6 46. Nxd6 cxd6 47. c7
Qe2 48. Qf5+ Kg7 49. c8=Q Qe1+ 50. Kg2 Qe2+ 51. Kg1 Qe1+ 52. Kg2 Qe2+ 53. Kg1
1/2-1/2

[Event "Wood Green Invitational"]
[Site "Stafford"]
[Date "2024.07.16"]
[Round "8.4"]
[White "Willow, Jonah B"]
[Black "Fitzsimons, David"]
[Result "1/2-1/2"]
[WhiteElo "2416"]
[BlackElo "2320"]
[PlyCount "63"]
[EventDate "2024.07.12"]
[EventType "tourn"]
[EventRounds "9"]
[EventCountry "ENG"]
[SourceTitle "BritBase"]
[Source "John Saunders"]
[SourceDate "2024.07.17"]
[SourceVersion "1"]
[SourceVersionDate "2024.07.17"]
[SourceQuality "1"]

1. e4 e6 2. d4 d5 3. e5 c5 4. c3 Nc6 5. Nf3 Nge7 6. Na3 cxd4 7. cxd4 Nf5 8. Nc2
Be7 9. Bd3 Bd7 10. O-O O-O 11. Re1 Rc8 12. Bd2 a5 13. Qb1 g6 14. Kh1 Qb6 15.
Bc3 Nb4 16. Bxf5 exf5 17. Ne3 Qe6 18. a3 f4 19. axb4 axb4 20. Bd2 fxe3 21. Bxe3
Qb6 22. Nd2 Qb5 23. Rc1 Kg7 24. Qa2 Rxc1+ 25. Rxc1 Rc8 26. Rxc8 Bxc8 27. h3 Be6
28. Qb1 Qa4 29. Qc1 Qc6 30. Qxc6 bxc6 31. Nb3 Kf8 32. Bd2 1/2-1/2

[Event "Wood Green Invitational"]
[Site "Stafford"]
[Date "2024.07.16"]
[Round "8.5"]
[White "Fernandez, Daniel H"]
[Black "Derakhshani, Borna"]
[Result "1-0"]
[WhiteElo "2525"]
[BlackElo "2351"]
[PlyCount "119"]
[EventDate "2024.07.12"]
[EventType "tourn"]
[EventRounds "9"]
[EventCountry "ENG"]
[SourceTitle "BritBase"]
[Source "John Saunders"]
[SourceDate "2024.07.17"]
[SourceVersion "1"]
[SourceVersionDate "2024.07.17"]
[SourceQuality "1"]

1. g3 e5 2. d4 e4 3. c4 c6 4. a3 h6 5. Nc3 d5 6. Bf4 Nf6 7. e3 Be7 8. h4 O-O 9.
Rc1 Re8 10. Qb3 Qa5 11. cxd5 Nxd5 12. Bc4 Be6 13. Kf1 Nxf4 14. gxf4 Bxc4+ 15.
Qxc4 b5 16. Qe2 Nd7 17. Nxe4 Bxa3 18. Ng3 Bf8 19. Rxc6 Rac8 20. Rxc8 Rxc8 21.
Kg2 Qa4 22. Qg4 b4 23. b3 Qc6+ 24. Nf3 Nf6 25. Qf5 g6 26. Qd3 Ng4 27. Re1 Qc3
28. Qb1 h5 29. Ne5 Nxe5 30. fxe5 Be7 31. Ne4 Qc6 32. Qd3 Qe6 33. f3 Bxh4 34.
Ra1 Rc7 35. Ra2 Rc1 36. Rxa7 Be7 37. Ra2 Kg7 38. Rc2 Re1 39. Rc7 Bd8 40. Nc5
Qe8 41. Rb7 Be7 42. Ne4 Kf8 43. Qb5 Qxb5 44. Rxb5 Re2+ 45. Kg3 h4+ 46. Kg4 Rxe3
47. d5 h3 48. Kxh3 Rxf3+ 49. Kg4 Rxb3 50. Rb8+ Kg7 51. d6 Bxd6 52. Nxd6 Rb1 53.
Rb7 b3 54. Rxf7+ Kg8 55. Rf2 b2 56. Kf4 g5+ 57. Kf5 g4 58. Kg6 g3 59. Rc2 Kf8
60. Nf5 1-0